| 000 | 00000nam##2200000za#4500 |
| 001 | 9.696568 |
| 003 | CaOODSP |
| 005 | 20210624235107 |
| 007 | cr ||||||||||| |
| 008 | 150407|2000||||xxc|||||o f|0| 0 eng|d |
| 040 | |aCaOODSP|beng |
| 043 | |an-cn--- |
| 086 | 1 |aCS89-571/2000E-PDF |
| 245 | 00|aLiteracy in the information age : |h[electronic resource]|bfinal report of the International Adult Literacy Survey / |cpublished on the responsibility of the Secretary-General of the Organization for Economic Co-operation and Development. |
| 260 | |aParis, France - Unknown : |bStatistics Canada |cc2000. |
| 300 | |a205p.|bfigs. (some coloured), graphs, map, references, tables |
| 590 | |a12-36-Supp|b2012-08-22 |
| 690 | 07|aEconomic issues|2gcpds |
| 690 | 07|aLabour force|2gcpds |
| 690 | 07|aLabour relations|2gcpds |
| 710 | 2 |aStatistics Canada. |
| 775 | 08|tLa littératie á l'ère de l'information : |w(CaOODSP)9.640678 |
| 856 | 40|ahttp://publications.gc.ca|qPDF|s915 KB|uhttps://publications.gc.ca/collections/Collection-R/Statcan/89-571-XIE/CS89-571-2000E.pdf |